| 000 | 00848nam a2200229Ii 4500 | ||
|---|---|---|---|
| 003 | JO-AjNU | ||
| 008 | 230605s9999||||xx |||||||||||||| ||und|| | ||
| 017 | _a2003/10397 | ||
| 020 | _a977-305-480-2 | ||
| 040 |
_aJO-AjNU _bara _erda _cJO-AjNU |
||
| 041 | _aara | ||
| 050 | 1 | 4 | _aBP192.8.A27 2003 |
| 100 | 3 |
_aالاصفهاني، أبي الفرج ؛ شرح وتحقيق: أحمد صقر, _eauthor _98790 |
|
| 245 | 0 | 0 | _aمقاتل الطالبيين، مج2 |
| 264 | 3 | 1 | _aالقاهرة: الشركة الدولية للطباعة، 2003 |
| 300 |
_aمج2، 851ص _bالفهارس العامة ص 725-834 |
||
| 336 |
_atext _btxt _2rdacontent |
||
| 337 |
_aunmediated _bn _2rdamedia |
||
| 338 |
_avolume _bnc _2rdacarrier |
||
| 490 | 0 | _aسلسلة ذخائر 98 | |
| 650 | 4 |
_aالتاريخ الاسلامي- الصحابة والتابعون _98791 |
|
| 999 |
_aA968 _c4536 _d4536 |
||